| 000 | 00847nam a2200217 4500 | ||
|---|---|---|---|
| 001 | 1893 | ||
| 005 | 20181127164154.0 | ||
| 010 | 0 | 0 | _a |
| 020 | 0 | 0 | _a |
| 090 | 0 | 0 | _a954.98 S79711third 2011 |
| 100 | 0 | 0 | _aThinley, Lyonchhen Jigme Yoeser. |
| 240 |
_aBhutan. Annual report. _h _l _f _k _m _n _o _p _r _s |
||
| 245 | 0 | 0 |
_aThird annual report of Lyonchhen Jigme Yoeser Thinley to the seventh session of the first Parliament on the state of the nation / _b _cLyonchhen Jigme Yoeser Thinley. _h |
| 260 | 0 | 0 |
_aThimphu : _bCabinet Secretariat, _c2011. |
| 300 | 0 | 0 | _a124 p. |
| 500 | 0 | 0 | _a"1st July 2011" |
| 650 | 0 | 0 |
_a _x |
| 650 | 0 | 0 |
_a _x |
| 650 | 0 | 0 |
_aBhutan. _x |
| 856 |
_a _uhttp://rtm.gnhc.gov.bt/RTMdoc/state_of_nation_2011.pdf _yThird annual report of Lyonchhen Jigme Yoeser Thinley to the seventh session of the first Parliament on the state of the nation _z _3 |
||
| 999 |
_c1454 _d1454 |
||